000 01113nac a22003010a 4500
001 PT5602
003 AR-LpoUNG
005 20260115121325.0
008 201001s2001||||ag |||||||||||||||||spa d
020 _a9879300394
_c$23.00
040 _aAR-LpoUNG
_bspa
_eaacr
041 _aspa
044 _aag
082 0 _a510 333v1
100 1 _aSchifini, Claudio G.
245 1 0 _aFunciones :
_blímite y continuidad
250 _a1ra. ed.
260 _aBuenos Aires :
_bUniversidad Nacional de General Sarmiento,
_cmarzo de 2001.
300 _a105 p. :
_bgráfs.
490 0 _aNotas de matemática para el primer ciclo universitario
520 _aEstas notas forman parte de un proyecto del área de matemática del instituto de ciencias de la U.N.G.S. que tiene como objetivo proveer al alumno, que debe cursar las distintas asignaturas de matemática, de material específico que le sirva de guía y apoyo.
650 4 _aFUNCIONES
650 4 _aGEOMETRIA
650 4 _aMATEMATICAS
710 2 _aUniversidad Nacional de General Sarmiento. Instituto de Ciencias
905 _a5602
942 _cLIB
_2ddc
999 _c47735
_d47735